1937 : A cuchillos largos en el Caribe: (Registro nro. 13723)

Detalles MARC
000 -LIDER
fixed length control field 01559nam a2200325 a 4500
001 - NÚMERO DE CONTROL
Identificador de número de control
003 - IDENTIFICACDOR DE NÚMERO DE CONTROL
control field DO-SdBNP
005 - DATE AND TIME OF LATEST TRANSACTION
control field 20210913122748.0
008 - ELEMENTOS DE LONGITUD FIJA
fixed length control field 090917s2009 dr a 001 0 spa d
040 ## - FUENTE DE CATALOGACIÓN
Agencia que crea de manera original el registro DO-SdBNP
Idioma de catalogación spa
Agencia que realiza la transcripción BPMSU
082 ## - NÚMERO DE CLASIFICACIÓN DECIMAL DE DEWEY
Classification number 972.93053
Item number C636m 2009
Edition number 22
100 1# - ASIENTO PRINCIPAL -- NOMBRE PERSONAL
Nombre personal Clime, Danilo P.
245 10 - MENCIÓN DE TITULO
Título 1937 : A cuchillos largos en el Caribe:
Subtítulo (consideraciones en torno a una crueles matanzas. Breves reflexiones desde la perspectiva de una sociología de las ideas políticas)
Mención de responsabilidad Danilo P. Clime
246 13 - VARIACION DEL TÍTULO
Título propiamente dicho o título corto Mil novecientos treinta y siete : a cuchillos largos en el Caribe
260 ## - PUBLICACIÓN, DISTRIBUCIÓN, ETC. (PIE DE IMPRENTA)
Lugar de publicación, distribución, etc Santo Domingo :
Nombre del editor, distribuidor, etc. Instituto para el Estudio de la Conducta Política,
Fecha de publicación, distribución, etc 2009.
300 ## - DESCRIPCIÓN FÍSICA
Extensión 252 p. :
Otros detalles físicos il. ;
Dimensiones 22 cm.
500 ## - NOTA GENERAL
Nota general Incluye índice onomástico
500 ## - NOTA GENERAL
Nota general Incluye datos biográficos del autor en las solapas.
500 ## - NOTA GENERAL
Nota general Incluye referencias bibliográficas y notas al pies de las páginas.
500 ## - NOTA GENERAL
Nota general Consideraciones en torno a unas crueles matanzas. Breves reflexiones desde la perspectiva de una sociología de las ideas políticas
504 ## - NOTA DE BIBLIOGRAFÍA, ETC.
Bibliography, etc
504 ## - NOTA DE BIBLIOGRAFÍA, ETC.
Bibliography, etc Bibliografías (p. 241-252)
600 14 - ENCABEZAMIENTO DE MATERIA--NOMBRE PERSONAL
Nombre personal Trujillo Molina, Rafael Leónidas,
Fechas asociadas con el nombre 1891-1961.
650 #4 - ENCABEZAMIENTO DE MATERIA--TEMÁTICO
Término temático o nombre geográfico como elemento de entrada Caudillos
Subdivisión geográfica República Dominicana
Subdivisión temática general Historia
651 #4 - ENCABEZAMIENTO DE MATERIA--NOMBRE GEOGRÁFICO
Nombre geográfico República Dominicana
Subdivisión temática general Historia
Subdivisión cronológica Era de Trujillo, 1930-1961
651 #4 - ENCABEZAMIENTO DE MATERIA--NOMBRE GEOGRÁFICO
Nombre geográfico República Dominicana
Subdivisión temática general Relaciones
Subdivisión geográfica Haití
651 #4 - ENCABEZAMIENTO DE MATERIA--NOMBRE GEOGRÁFICO
Nombre geográfico República Dominicana
Subdivisión temática general Política y gobierno
Subdivisión cronológica 1930-1961.
910 ## - VALIDACIÓN
Validación VMateo V.
942 ## - ADDED ENTRY ELEMENTS (KOHA)
Source of classification or shelving scheme Dewey Decimal Classification
Koha item type Libros
Existencias
Withdrawn status Lost status Source of classification or shelving scheme Damaged status Not for loan Collection code Home library Current library Date acquired Source of acquisition Total Checkouts Full call number Barcode Date last seen Price effective from Koha item type Copy number
    Dewey Decimal Classification     Colección Dominicana Biblioteca Pública Metropolitana Salomé Ureña Biblioteca Pública Metropolitana Salomé Ureña 09/13/2021 BNPHU   BPMSU CD 972.93053 C636m 2009 BPMSU21090060 09/13/2021 09/13/2021 Libros  
    Dewey Decimal Classification     Colección Dominicana Biblioteca Pública Metropolitana Salomé Ureña Biblioteca Pública Metropolitana Salomé Ureña 09/13/2021 BNPHU   BPMSU CD 972.93053 C636m 2009 BPMSU21090061 09/13/2021 09/13/2021 Libros e.2
    Dewey Decimal Classification     Colección Dominicana Biblioteca Pública Metropolitana Salomé Ureña Biblioteca Pública Metropolitana Salomé Ureña 09/13/2021 BNPHU   BPMSU CD 972.93053 C636m 2009 BPMSU26030058 03/24/2026 09/13/2021 Libros e.3